000 00427nam a2200181Ia 4500
001 12871
005 20260306163012.0
008 260306t1943||||xx |||||||||||||| ||spa||
041 _aESP
082 _aRD 423
_bW35
100 _aDevlin, Joseph
_eAUT
245 0 _aWebsters approved dictionary
260 _c1943
300 _aix : 1278 páginas :
_c20 cm.
650 _aGEN
654 _aCHU
942 _cLIB
_dJUS
_fJUS
_2ddc
_n
999 _c12871
_d12871